| 000 | 00709nas a2200229 4500 | ||
|---|---|---|---|
| 001 | BR7307879 | ||
| 003 | BR-BrBNA | ||
| 005 | 20231205082633.0 | ||
| 007 | ta | ||
| 008 | 230509b bl.|||p| |||| 00| 00por d | ||
| 040 |
_aBR-BrBNA _bpor _cBiblioteca Nacional de Agricultura |
||
| 041 | _a(Pt) | ||
| 072 | _aH20 | ||
| 100 | 1 | _aReis, E.M. (Universidade de Passo Fundo, RS (Brazil)) | |
| 245 | 1 | _aA septoriose da soja [Septoria glycines, Glycine max, mancha parda] | |
| 650 | _aSOJA | ||
| 650 | _aSEPTORIOSE | ||
| 650 | _aMANCHA PARDA | ||
| 773 | 0 |
_tLavoura Arrozeira (Brazil) _xISSN 0023-9143 _g(Sep 1974), v. 27(281) p. 18-21 _wBR7307879 |
|
| 909 |
_a202311 _bLúcia _c55 _dLúcia Elande |
||
| 942 |
_2AGRIS _n0 _cANA |
||
| 999 |
_c93407 _d93407 |
||